Sanat - "Kaksoiselämää" - Juice Leskinen - Statistics

Yleistilastot
  • Tätä visaa on pelattu 316 kertaa
  • Keskiarvotulos 110 / 163
Vastaustilastot
Sanat % Oikein
sen
92%
joskus
84%
Joskus
84%
on
84%
en
82%
uudestaan
82%
ehkä
81%
itsenikin
81%
sinut
81%
Tulen
81%
paremmin
80%
tuntisin
80%
Silloin
79%
koskaan
78%
Kunpa
78%
oppisin
78%
: Pois!
78%
saa
78%
Vaikken
78%
etten
77%
luotasi
77%
poistunutkaan
76%
Yksinäisyys
76%
Yksinäisyys,
76%
yksinäisyys
76%
kaksoiselämään
75%
tätä
75%
yhtäkään
75%
Ja
74%
eletyksi
73%
ihmisen
71%
tuntuu
70%
hahmon
69%
luotuja
69%
ottaa
69%
minä
66%
jotka
65%
niitä
65%
Kadehdi
64%
kunnolla
64%
Siinä
64%
siinä
64%
ympärillä
61%
vähään
60%
mennyt
59%
mihinkään
59%
huomaat
58%
mitä
58%
syy
58%
Tiedän
58%
tiedän
58%
menen,
57%
kohta
55%
seuraus,
55%
vaikka
55%
haluan
54%
kykenen
54%
miten
54%
Sanot
54%
isänmaan
53%
tiivistyy
52%
pisaroiksi
51%
tulla
51%
Olen
50%
katkeriksi
49%
Aion
48%
ikiroutaisen
48%
jään
48%
siihen
48%
sinä
47%
yksinäisyyden
47%
kiinni,
46%
kiinni
46%
viereesi
46%
sinuun
45%
sinussa
44%
sydämessä,
44%
tarvitsen
44%
Poikki
43%
hermostun
42%
Halki
41%
kaipaan
41%
myönnä
41%
rakkauttasi
39%
kunnes
37%
Läheisyyttäs
37%
aavikon
34%
jäisen
34%
tiedät
33%
rämmin
32%
havahdun
31%
en niitä
25%
Ehtoja vastaavia visoja ei löytynyt
Tulosjakauma
Jokaisen tuloksen saaneiden osuus
Persentiili vastausten määrän mukaan
Tuloshistoriasi
Et ole pelannut tätä visaa